Proyecto: Ley Orgánica del Instituto Costarricense de Investigación Agropecuaria (ICIA)
Збережено в:
| Співавтор: | |
|---|---|
| Формат: | Текст |
| Опубліковано: |
San José :
|
| Теги: |
Додати тег
Немає тегів, Будьте першим, хто поставить тег для цього запису!
|
MARC
| LEADER | 00000 a a2200000 04500 | ||
|---|---|---|---|
| 001 | 19181 | ||
| 003 | |||
| 040 | |||
| 090 | |a 019000 | ||
| 110 | |a Colegio de Ingenieros Agrónomos de Costa Rica | ||
| 245 | |a Proyecto: Ley Orgánica del Instituto Costarricense de Investigación Agropecuaria (ICIA) | ||
| 260 | |a San José : | ||
| 300 | |a 14 p | ||
| 999 | |c 12510 |d 12510 | ||
